Normal view MARC view
  • Chocano, José Santos,

Entry Nombre Personal

Number of records used in: 1

001 - NUMERO DE CONTROL

  • campo de control: 47309

003 - IDENTIFICADOR DE NUMERO DE CONTROL

  • campo de control: DLC

005 - FECHA Y HORA DE LA ÜLTIMA TRANSACCIÓN

  • campo de control: 20221109151525.0

008 - DATOS DE LONGITUD FIJA

  • campo de control de longitud fija: 840709n| azannaabn |a aaa

010 ## - NÚMERO DE CONTROL DE LA BIBLIOTECA DEL CONGRESO

  • Número de control LC: n 84094820

035 ## - NUMERO DE CONTROL

  • Número de control: (OCoLC)oca01137613

040 ## - FUENTE DE CATALOGACIÓN

  • Agencia original de catalogación: DLC
  • Lenguaje de catalogación: spa
  • Description conventions: rda
  • Agencia de transcripción: DLC
  • Agencia que lo modifica: DLC
  • Agencia que lo modifica: Uk
  • Agencia que lo modifica: OCoLC
  • Agencia que lo modifica: DLC
  • Agencia que lo modifica: UPB
  • Agencia que lo modifica: MX-MxUPN

046 ## - FECHAS CON CODIFICACIÓN ESPECIAL

  • Fecha de nacimiento: 18750514
  • Fecha de muerte: 19341213

053 #0 - NÚMERO DE CLASIFICACIÓN LC

  • Número de clasificación elemento-número único o número inicial de tramo: PQ8497.C5

100 1# - ENCABEZAMIENTO - NOMBRE PERSONAL

  • Nombre personal: Chocano, José Santos,
  • Fechas asociadas con el nombre: 1875-1934

370 ## - LUGAR ASOCIADO

  • Place of birth: Lima (Perú)
  • Place of death: Santiago (Chile)
  • Fuente del término: naf

374 ## - OCUPACIÓN

  • Occupation: Poeta
  • Fuente del término: lcsh

377 ## - LENGUA ASOCIADA

  • Language code: spa

378 ## - FORMA COMPLETA DE NOMBRE PERSONAL

  • Fuller form of personal name: Chocano Gastañodi

400 1# - VEÁSE - NOMBRE DE PERSONA

  • Personal name: Chocano Gastañodi, José Santos,
  • Dates associated with a name: 1875-1934

670 ## - FUENTE EN LA QUE SE LOCALIZARON DATOS

  • Cita de la fuente: Tres poetas cumbres en la poesía peruana, c1983:
  • Información localizada: portada (Chocano) página 51 (José Santos Chocano, b. May14,1875) página 54 (d. Dec.13,1934)

670 ## - FUENTE EN LA QUE SE LOCALIZARON DATOS

  • Cita de la fuente: LC data base, 6-27-84
  • Información localizada: (hdg.: Chocano, José Santos, 1875-1934)

670 ## - FUENTE EN LA QUE SE LOCALIZARON DATOS

  • Cita de la fuente: Wikipedia, Sept. 1, 2010
  • Información localizada: (José Santos Chocano; José Santos Chocano Gastañodi; b. Lima, Perú May 14, 1875; d. Santiago, Chile July 13, 1934; poeta peruano)

670 ## - FUENTE EN LA QUE SE LOCALIZARON DATOS

  • Cita de la fuente: Obras selectas, 1935:
  • Información localizada: portada (José Santos Chocano)

902 ## - CATALOGADOR

  • Catalogador: Víctor Ruiz/091122